Fundamental concepts of inorganic chemistry. V2 (Record no. 359513)

MARC details
000 -LEADER
fixed length control field 00571 a2200217 4500
005 - DATE & TIME
control field 20250112105627.0
008 - FIXED-LENGTH DATA ELEMENTS--GENERAL INFORMATION
fixed length control field 250112b |||||||| |||| 00| 0 eng d
020 ## - ISBN
International Standard Book Number 9789389688023
Price Rs. 650.00
040 ## - CATALOGING SOURCE
Original cataloging agency VIVEKANANDA LIBRARY
082 ## - DDC NUMBER
Classification number 546
Book Number D26F(3)
100 ## - MAIN ENTRY--PERSONAL NAME
Personal name Das, Asim K
245 ## - TITLE STATEMENT
Title Fundamental concepts of inorganic chemistry. V2
250 ## - EDITION STATEMENT
Edition statement 3rd
260 ## - PUBLICATION, DISTRIBUTION, ETC. (IMPRINT)
Name of publisher, distributor, etc CBS Publishers and Distributors
Date of publication, distribution, etc 2024
Place of publication, distribution, etc New Delhi
300 ## - PHYSICAL DESCRIPTION
Pages xviii, 682
650 ## - Subject
Subject Chemistry
650 ## - Subject
Subject Inorganic Chemistry
700 ## - Added Entry Personal Name
Added Entry Personal Name Das, Mahua
700 ## - Added Entry Personal Name
Added Entry Personal Name Das, Ankita
942 ## - ADDED ENTRY ELEMENTS (KOHA)
Koha item type Books
Holdings
Withdrawn status Lost status Source of classification or shelving scheme Damaged status Not for loan Location (home branch) Sublocation or collection (holding branch) Shelving location Date acquired Koha issues (times borrowed) Koha full call number Accession No. Koha date last seen Copy number Koha item type
    Dewey Decimal Classification     VIVEKANANDA LIBRARY VIVEKANANDA LIBRARY Vivekananda Library 09/01/2025 1 546 D26F(3) 441402 18/03/2026 V2 Books
    Dewey Decimal Classification     VIVEKANANDA LIBRARY VIVEKANANDA LIBRARY Vivekananda Library 12/01/2025   546 D26F(3) 441403 12/01/2025 V2 Books
    Dewey Decimal Classification     VIVEKANANDA LIBRARY VIVEKANANDA LIBRARY Vivekananda Library 12/01/2025   546 D26F(3) 441404 12/01/2025 V2 Books
    Dewey Decimal Classification     VIVEKANANDA LIBRARY VIVEKANANDA LIBRARY Vivekananda Library 12/01/2025   546 D26F(3) 441405 12/01/2025 V2 Books
    Dewey Decimal Classification     VIVEKANANDA LIBRARY VIVEKANANDA LIBRARY Vivekananda Library 12/01/2025   546 D26F(3) 441401 12/01/2025 V2 Books
© Designed and Maintained by Vivekananda Library, MDU Rohtak